000 00506nam a2200193 a 4500
001 8449
003 CO-ViMGA
008 141112s2004 ck r 000 u spa d
040 _aCO-ViMGA
_bspa
_cCO-ViMGA
082 0 4 _aCo863.6 H44r
100 1 _aHijuelos, Oscar
_98277
245 1 0 _aLos reyes del mambo tocan canciones de amor
250 _a8
260 _aMadrid,
_cediciones Siruela,
_c1992
300 _a549 p.
490 _aLibros del tiempo; 18
650 1 4 _aNOVELA CUBANA
_92121
942 _2ddc
_cBK
999 _c20147
_d20147